Normal view
MARC view
Entry Personal Name
001 - CONTROL NUMBER
- control field: 18213
003 - CONTROL NUMBER IDENTIFIER
- control field: HDC
005 - DATE AND TIME OF LATEST TRANSACTION
- control field: 20230624073528.0
008 - FIXED-LENGTH DATA ELEMENTS
- fixed length control field: 210303|| aca||aabn | a|a d
040 ## - CATALOGING SOURCE
- Original cataloging agency: HDC
- Transcribing agency: HDC
100 ## - HEADING--PERSONAL NAME
- Personal name: D. KANYAKUMARIANDHEMANANTHANI SIVANANDAM
670 ## - SOURCE DATA FOUND
- Source citation: Work cat.: (HDC): D. KANYAKUMARIANDHEMANANTHANI SIVANANDAM, author, JAMIL KHIR: WE WILL FURTHER DISCUSS PRETZEL’S NAME WITH COMPANY /, 2016
